000 00315nam a2200133Ia 4500
005 20251222155049.0
008 251222s9999||||xx |||||||||||||| ||spa||
082 _aEDUM.64.1-2
100 _aPHILLIPS Estelle. 2001
245 0 _aCómo obtener un doctorado
250 _a1ra. ed.
264 _bGedisa
942 _cLIB
999 _c37214
_d37214